test de rapidité - alphabet - Statistiques

Statistiques générales
  • Ce quiz a été pris 341 fois
  • Le résultat moyen est 112 sur 208
Statistiques - réponses
Hint Réponse % Correct
a a
100%
b b
99%
c c
99%
d d
99%
e e
99%
f f
98%
g g
98%
h h
97%
i i
97%
j j
96%
k k
95%
l l
95%
m m
94%
n n
91%
o o
91%
p p
91%
q q
91%
r r
91%
s s
91%
t t
91%
u u
91%
v v
91%
w w
91%
x x
91%
y y
91%
z z
91%
a a
89%
b b
89%
c c
89%
d d
89%
e e
89%
f f
88%
g g
88%
h h
88%
i i
88%
j j
88%
k k
88%
l l
88%
m m
88%
n n
87%
o o
87%
p p
87%
q q
87%
r r
87%
s s
87%
t t
87%
u u
87%
v v
87%
w w
86%
x x
86%
y y
86%
z z
86%
a a
85%
b b
85%
c c
85%
d d
85%
e e
84%
f f
84%
g g
84%
h h
84%
i i
84%
j j
84%
k k
84%
l l
84%
m m
84%
n n
83%
o o
82%
p p
82%
q q
82%
r r
81%
s s
81%
t t
81%
a a
80%
b b
80%
c c
80%
d d
80%
e e
80%
f f
80%
u u
80%
v v
80%
w w
80%
x x
80%
y y
80%
z z
80%
g g
78%
h h
77%
i i
77%
j j
77%
k k
76%
l l
74%
m m
74%
n n
74%
o o
73%
p p
73%
q q
72%
r r
72%
s s
71%
t t
70%
u u
70%
v v
70%
w w
69%
x x
68%
a a
65%
y y
65%
z z
65%
b b
64%
c c
63%
d d
63%
e e
63%
f f
63%
g g
63%
h h
61%
i i
61%
j j
60%
k k
59%
l l
58%
m m
57%
n n
56%
o o
55%
p p
55%
q q
53%
r r
52%
s s
51%
t t
51%
u u
49%
v v
47%
w w
46%
x x
44%
y y
44%
z z
43%
a a
40%
b b
38%
c c
38%
d d
35%
e e
35%
f f
33%
g g
33%
h h
31%
i i
31%
j j
30%
k k
28%
l l
27%
m m
27%
n n
27%
o o
27%
p p
26%
q q
26%
r r
23%
s s
23%
t t
23%
u u
22%
v v
22%
w w
20%
x x
18%
y y
18%
z z
17%
a a
13%
b b
11%
c c
11%
d d
10%
e e
10%
f f
10%
g g
10%
h h
10%
i i
10%
j j
9%
k k
9%
l l
9%
m m
9%
n n
9%
o o
8%
p p
8%
q q
8%
r r
7%
s s
7%
t t
7%
u u
6%
v v
6%
w w
4%
a a
3%
b b
3%
c c
3%
x x
3%
y y
3%
z z
3%
d d
2%
e e
2%
f f
2%
g g
2%
h h
2%
i i
1%
j j
1%
k k
1%
l l
1%
m m
1%
n n
1%
o o
1%
p p
1%
q q
1%
r r
1%
s s
1%
t t
1%
u u
1%
v v
1%
w w
1%
x x
1%
y y
1%
z z
1%
Aucun quiz correspondant
Distribution des résultats
% des personnes avec chaque résultat
Percentile par nombre de réponses
Votre historique - résultats
Vous n’avez pas pris ce quiz